The new foreign policy : (Record no. 17721)

MARC details
000 -LEADER
fixed length control field 01908nam a2200421 i 4500
001 - CONTROL NUMBER
control field 014802521
003 - CONTROL NUMBER IDENTIFIER
control field EG-ScBUE
005 - DATE AND TIME OF LATEST TRANSACTION
control field 20240701094219.0
008 - FIXED-LENGTH DATA ELEMENTS--GENERAL INFORMATION
fixed length control field 080212t2008 mdua f b 001 0 eng d
020 ## - INTERNATIONAL STANDARD BOOK NUMBER
International Standard Book Number 0742556328 (pbk.)
020 ## - INTERNATIONAL STANDARD BOOK NUMBER
International Standard Book Number 9780742556324 (pbk.)
035 ## - SYSTEM CONTROL NUMBER
System control number (OCoLC)ocn192134363
035 ## - SYSTEM CONTROL NUMBER
System control number (OCoLC)192134363
040 ## - CATALOGING SOURCE
Original cataloging agency EG-ScBUE
Language of cataloging eng
Description conventions rda
Transcribing agency EG-ScBUE
Modifying agency EG-ScBUE
043 ## - GEOGRAPHIC AREA CODE
Geographic area code n-us---
082 04 - DEWEY DECIMAL CLASSIFICATION NUMBER
Classification number 973.93
Edition number 22
Item number NEA
100 1# - MAIN ENTRY--PERSONAL NAME
Personal name Neack, Laura,
Relator term author.
9 (RLIN) 34332
245 14 - TITLE STATEMENT
Title The new foreign policy :
Remainder of title power seeking in a globalized era /
Statement of responsibility, etc Laura Neack.
250 ## - EDITION STATEMENT
Edition statement Second edition.
264 #1 - PUBLICATION, DISTRIBUTION, ETC. (IMPRINT)
Place of publication, distribution, etc Lanham, Md. :
Name of publisher, distributor, etc Rowman & Littlefield Publishers,
Date of publication, distribution, etc [2008]
264 #4 - PUBLICATION, DISTRIBUTION, ETC. (IMPRINT)
Date of publication, distribution, etc c2008
300 ## - PHYSICAL DESCRIPTION
Extent xv, 233 pages :
Other physical details illustrations ;
Dimensions 23 cm.
336 ## - CONTENT TYPE
Source rdacontent
Content type term text
Content type code txt
337 ## - MEDIA TYPE
Media type term unmediated
Source rdamedia
Media type code n
338 ## - CARRIER TYPE
Carrier type term volume
Carrier type code nc
Source rdacarrier
490 0# - SERIES STATEMENT
Series statement New millennium books in international studies
504 ## - BIBLIOGRAPHY, ETC. NOTE
Bibliography, etc Includes bibliographical references and index.
505 0# - FORMATTED CONTENTS NOTE
Formatted contents note Introduction: The new foreign policy -- Rational actors and the national interests -- Cognitive misers and distrusting leaders -- Decision units, small groups and bureaucratic politics -- National self-image, culture, and domestic institutions -- Domestic politics -- Public opinion and media -- Great powers -- The other powers -- Conclusion: A nested game with many players.
650 #7 - SUBJECT ADDED ENTRY--TOPICAL TERM
Topical term or geographic name as entry element September 11 Terrorist Attacks, 2001.
Source of heading or term BUEsh
9 (RLIN) 34333
650 #7 - SUBJECT ADDED ENTRY--TOPICAL TERM
Topical term or geographic name as entry element Globalization
General subdivision Political aspects.
Source of heading or term BUEsh
9 (RLIN) 34334
651 #7 - SUBJECT ADDED ENTRY--GEOGRAPHIC NAME
Geographic name United States
General subdivision Foreign relations
Chronological subdivision 2001-
Source of heading or term BUEsh
9 (RLIN) 3840
651 #7 - SUBJECT ADDED ENTRY--GEOGRAPHIC NAME
Geographic name United States
General subdivision Foreign relations
Chronological subdivision 1989-
Source of heading or term BUEsh
9 (RLIN) 34335
651 #7 - SUBJECT ADDED ENTRY--GEOGRAPHIC NAME
Geographic name United States
General subdivision Foreign relations
-- Philosophy.
Source of heading or term BUEsh
9 (RLIN) 12805
653 ## - INDEX TERM--UNCONTROLLED
Arrived date list October2013
655 ## - INDEX TERM--GENRE/FORM
Form subdivision Reading book
856 41 - ELECTRONIC LOCATION AND ACCESS
Materials specified Table of contents only
Uniform Resource Identifier <a href="http://www.loc.gov/catdir/toc/fy0903/2008005813.html">http://www.loc.gov/catdir/toc/fy0903/2008005813.html</a>
942 ## - ADDED ENTRY ELEMENTS (KOHA)
Source of classification or shelving scheme Dewey Decimal Classification
Koha item type Book - Borrowing
Holdings
Withdrawn status Lost status Source of classification or shelving scheme Damaged status Not for loan Collection code Home library Current library Shelving location Date acquired Source of acquisition Total Checkouts Total Renewals Full call number Barcode Date last seen Date checked out Price effective from Koha item type
    Dewey Decimal Classification     Baccah Central Library Central Library Second Floor 31/10/2013 Purchase 5 22 973.93 NEA 000029573 15/07/2025 26/11/2018 31/10/2013 Book - Borrowing